| 000 | 005150000a22001930004500 | ||
|---|---|---|---|
| 001 | 1993 | ||
| 003 | CO-MdFUSB | ||
| 005 | 20170615171321.0 | ||
| 008 | 170615b xxu||||| |||| 00| 0 eng d | ||
| 020 | _a9974-7722-9-X | ||
| 040 | _cCO-MdBIC | ||
| 082 | 0 | 4 | _a863C P399m |
| 100 | 1 | _aGhiglioni Marta | |
| 245 | 1 | 0 | _aLa mona ramona / Marta Ghiglioni ; ilustración Joge Mercado y Carlos Valle |
| 260 | _aMontevideo - R. O. Uruguay : Latinbooks | ||
| 300 | _a[16 P.] | ||
| 650 | 1 | 4 | _acuentos con rima |
| 942 | _cLGB | ||
| 999 |
_c49143 _d49143 |
||